<?xml version="1.0" encoding="UTF-8"?>
<collection xmlns="http://www.loc.gov/MARC21/slim">
 <record>
  <leader>05322nam a22003377a 4500</leader>
  <controlfield tag="001">kal6117</controlfield>
  <controlfield tag="003">Gr-AtHEAL</controlfield>
  <controlfield tag="005">20160515173713.0</controlfield>
  <controlfield tag="008">160514b        gr ||||| |||| 00| 0 eng|c</controlfield>
  <datafield tag="020" ind1=" " ind2=" ">
   <subfield code="a">9789606034107</subfield>
  </datafield>
  <datafield tag="040" ind1=" " ind2=" ">
   <subfield code="a">GR-AtHEAL</subfield>
   <subfield code="b">gre</subfield>
   <subfield code="c">GR-AtHEAL</subfield>
  </datafield>
  <datafield tag="082" ind1="0" ind2="4">
   <subfield code="a">305.8</subfield>
   <subfield code="2">23</subfield>
  </datafield>
  <datafield tag="100" ind1="1" ind2=" ">
   <subfield code="a">Παπαηλία, Πηνελόπη.</subfield>
   <subfield code="8">2912</subfield>
  </datafield>
  <datafield tag="245" ind1="1" ind2="0">
   <subfield code="a">Ψηφιακή εθνογραφία</subfield>
   <subfield code="c">Παπαηλία, Πηνελόπη, Πετρίδης, Πέτρος ;  Κριτικός αναγνώστης, Μπουμπάρης, Νίκος</subfield>
   <subfield code="h">[Ηλεκτρονικός πόρος].</subfield>
  </datafield>
  <datafield tag="260" ind1=" " ind2=" ">
   <subfield code="a">Αθήνα :</subfield>
   <subfield code="b">Σύνδεσμος Ελληνικών Ακαδημαϊκών Βιβλιοθηκών,</subfield>
   <subfield code="c">c2015.</subfield>
  </datafield>
  <datafield tag="490" ind1=" " ind2=" ">
   <subfield code="a">Ακαδημαϊκά Ηλεκτρονικά Συγγράμματα και Βοηθήματα Κάλλιπος</subfield>
   <subfield code="8">40</subfield>
  </datafield>
  <datafield tag="505" ind1=" " ind2=" ">
   <subfield code="a">1. Ανθρωπολογία μπροστά στην οθόνη2. Μετά από το βιβλίο: Νέες επιστημολογίες, νέες υλικότητες 3. Από τον τεχνοφοβισμό στον τεχνοπολιτισμό4. Ανταλλαγή, διαμοιρασμός και οικονομίες του διαδικτύου5. Διαδικτυακά παιχνίδια ρόλων</subfield>
  </datafield>
  <datafield tag="520" ind1=" " ind2=" ">
   <subfield code="a">Το σύγγραμμα αποτελεί εισαγωγή στην Ψηφιακή Εθνογραφία, ένα νέο και υπό διαμόρφωση επιστημονικό πεδίο. Σκοπός του βιβλίου είναι η διερεύνηση των πολιτισμικών και κοινωνικών διαστάσεων των ψηφιακών μέσων και, γενικότερα, η ανάπτυξη νέων θεωρητικών και μεθοδολογικών προσεγγίσεων για την αποτίμηση των πολιτισμικών, πολιτικών και οικονομικών μετασχηματισμών που συνδέονται με τη μαζικοποίηση των διαδικτυακών τεχνολογιών. Το σύγγραμμα επεκτείνει κλασικές ανθρωπολογικές προβληματικές σχετικά με την υποκειμενικότητα, την ταυτότητα, την ανταλλαγή, τη συσχετικότητα, τους κοινωνικούς άξονες ανισότητας και αποκλεισμού, την εμπειρία του χρόνου και του χώρου, την ανθρώπινη δημιουργικότητα και έκφραση κ.ά για την κατανόηση της ψηφιακής συνθήκης. Ταυτόχρονα, εμπλουτίζει και αναθεωρεί τις προσεγγίσεις αυτές με θεωρητικά εργαλεία από τον χώρο των Σπουδών των Νέων Μέσων (New Media Studies). Το σύγγραμμα δεν επιχειρεί να δημιουργήσει ένα νέο πεδίο εθνογραφικής έρευνας (π.χ. «ανθρωπολογία του διαδικτύου»), αντίθετα φιλοδοξεί να προκαλέσει μια αναθεώρηση της ίδιας της εθνογραφικής μεθόδου που να ταιριάζει στη μετα-ανθρώπινη εποχή της βάσης δεδομένων. Βασικές θεματικές που αναπτύσσονται στο σύγγραμμα είναι οι εξής: τεχνοφοβία/τεχνολατρεία, τεχνο-ντετερμινισμός, online κοινότητες και διαδικτυακή δημόσια σφαίρα, ψηφιακές ανθρωπιστικές σπουδές, κοινωνικά μέσα, βάση δεδομένων ως πολιτισμικό τεχνούργημα, δυνητικοί κόσμοι, διαμοιρασμός και οικονομίες του διαδικτύου, διαδικτυακά παιχνίδια ρόλων, νέες εννοιολογήσεις της πνευματικής ιδιοκτησίας (τα κοινά), τεχνολογίες δι’ εντοπισμού, γνωσιακές οικονομίες, συλλογική νοημοσύνη, πολιτική των δικτύων, νεανική διαδικτυακή κουλτούρα, νέες μορφές πολιτισμικής παραγωγής, ψηφιακή αφήγηση.</subfield>
  </datafield>
  <datafield tag="650" ind1=" " ind2="0">
   <subfield code="a">Ethnology</subfield>
   <subfield code="8">2946</subfield>
  </datafield>
  <datafield tag="653" ind1=" " ind2=" ">
   <subfield code="a">Eθνογραφία</subfield>
  </datafield>
  <datafield tag="653" ind1=" " ind2=" ">
   <subfield code="a">Κοινωνικά μέσα</subfield>
  </datafield>
  <datafield tag="653" ind1=" " ind2=" ">
   <subfield code="a">Ποιοτικές μεθοδολογίες</subfield>
  </datafield>
  <datafield tag="653" ind1=" " ind2=" ">
   <subfield code="a">Διαδίκτυο και κοινωνία</subfield>
  </datafield>
  <datafield tag="653" ind1=" " ind2=" ">
   <subfield code="a">Ψηφιακός πολιτισμός</subfield>
  </datafield>
  <datafield tag="700" ind1=" " ind2=" ">
   <subfield code="a">Πετρίδης, Πέτρος</subfield>
   <subfield code="e">Συγγραφέας</subfield>
   <subfield code="8">2913</subfield>
  </datafield>
  <datafield tag="700" ind1=" " ind2=" ">
   <subfield code="a">Μπουμπάρης, Νίκος</subfield>
   <subfield code="e">Κριτικός αναγνώστης</subfield>
   <subfield code="8">2914</subfield>
  </datafield>
  <datafield tag="856" ind1=" " ind2=" ">
   <subfield code="u">http://hdl.handle.net/11419/6117</subfield>
   <subfield code="z">Πλήρες Κείμενο - Full text</subfield>
  </datafield>
  <datafield tag="907" ind1=" " ind2=" ">
   <subfield code="a">.b25681606</subfield>
   <subfield code="b">25-06-18</subfield>
   <subfield code="c">29-07-16</subfield>
  </datafield>
  <datafield tag="949" ind1=" " ind2=" ">
   <subfield code="0">0</subfield>
   <subfield code="1">0</subfield>
   <subfield code="2">ddc</subfield>
   <subfield code="4">0</subfield>
   <subfield code="6">305_800000000000000_ΠΑΠ</subfield>
   <subfield code="7">0</subfield>
   <subfield code="8">KALL</subfield>
   <subfield code="8">922</subfield>
   <subfield code="d">2016-05-15</subfield>
   <subfield code="r">2016-05-15</subfield>
   <subfield code="w">2016-05-15</subfield>
   <subfield code="z">305.8 ΠΑΠ</subfield>
   <subfield code="o">SEAB KALLIPOS</subfield>
  </datafield>
  <datafield tag="998" ind1=" " ind2=" ">
   <subfield code="a">80</subfield>
   <subfield code="a">01</subfield>
   <subfield code="a">02</subfield>
   <subfield code="a">03</subfield>
   <subfield code="a">04</subfield>
   <subfield code="a">05</subfield>
   <subfield code="a">06</subfield>
   <subfield code="a">07</subfield>
   <subfield code="a">08</subfield>
   <subfield code="a">09</subfield>
   <subfield code="a">10</subfield>
   <subfield code="a">11</subfield>
   <subfield code="a">12</subfield>
   <subfield code="a">13</subfield>
   <subfield code="a">14</subfield>
   <subfield code="a">15</subfield>
   <subfield code="a">16</subfield>
   <subfield code="a">17</subfield>
   <subfield code="a">18</subfield>
   <subfield code="a">19</subfield>
   <subfield code="a">20</subfield>
   <subfield code="a">21</subfield>
   <subfield code="a">22</subfield>
   <subfield code="a">23</subfield>
   <subfield code="a">24</subfield>
   <subfield code="a">25</subfield>
   <subfield code="a">26</subfield>
   <subfield code="b">29-05-17</subfield>
   <subfield code="c">m</subfield>
   <subfield code="d">z  </subfield>
   <subfield code="e">-</subfield>
   <subfield code="f">gre</subfield>
   <subfield code="g">gr </subfield>
   <subfield code="h">0</subfield>
  </datafield>
  <datafield tag="942" ind1=" " ind2=" ">
   <subfield code="2">ddc</subfield>
   <subfield code="c">KALLIPOS</subfield>
  </datafield>
 </record>
</collection>
